<?xml version="1.0" encoding="UTF-8"?><?xml-stylesheet type="text/xsl" href="static/style.xsl"?><OAI-PMH xmlns="http://www.openarchives.org/OAI/2.0/" xmlns:xsi="http://www.w3.org/2001/XMLSchema-instance" xsi:schemaLocation="http://www.openarchives.org/OAI/2.0/ http://www.openarchives.org/OAI/2.0/OAI-PMH.xsd"><responseDate>2026-04-17T11:58:25Z</responseDate><request verb="GetRecord" identifier="oai:www.recercat.cat:10459.1/47425" metadataPrefix="marc">https://recercat.cat/oai/request</request><GetRecord><record><header><identifier>oai:recercat.cat:10459.1/47425</identifier><datestamp>2024-12-05T23:05:25Z</datestamp><setSpec>com_2072_3622</setSpec><setSpec>col_2072_478537</setSpec></header><metadata><record xmlns="http://www.loc.gov/MARC21/slim" xmlns:dcterms="http://purl.org/dc/terms/" xmlns:xsi="http://www.w3.org/2001/XMLSchema-instance" xmlns:doc="http://www.lyncode.com/xoai" xsi:schemaLocation="http://www.loc.gov/MARC21/slim http://www.loc.gov/standards/marcxml/schema/MARC21slim.xsd">
   <leader>00925njm 22002777a 4500</leader>
   <datafield ind2=" " ind1=" " tag="042">
      <subfield code="a">dc</subfield>
   </datafield>
   <datafield ind2=" " ind1=" " tag="720">
      <subfield code="a">Ruiz Ruiz, Ana</subfield>
      <subfield code="e">author</subfield>
   </datafield>
   <datafield ind2=" " ind1=" " tag="260">
      <subfield code="c">2014-07-22T07:41:05Z</subfield>
   </datafield>
   <datafield ind2=" " ind1=" " tag="260">
      <subfield code="c">2014-07-22T07:41:05Z</subfield>
   </datafield>
   <datafield ind2=" " ind1=" " tag="260">
      <subfield code="c">2014-05</subfield>
   </datafield>
   <datafield ind2=" " ind1=" " tag="520">
      <subfield code="a">¿Se obtiene una mejora de resultados añadiendo Kinesiotape a sujetos que presentan PCI espástica comparado con un tratamiento convencional de fisioterapia? Objetivos: Evaluar la efectividad del Kinesiotape en cuanto a disminución de espasticidad y tono muscular, mejora de calidad de vida y aumento del rango articular. Material y métodos: se buscará una muestra de 238 sujetos con PCI espástica entre 5 y 20 años y que presenten una sinergia flexora en extremidad superior. Como criterios de exclusión se consideran: cualquier contraindicación del Kinesiotape, intervención quirúrgica de extremidad superior, consumo de neurotoxinas, bloqueantes nerviosos con agentes neurolíticos, relajantes musculares y pacientes que hayan sido tratados mediante Toxina Botulínica en extremidad superior. Los sujetos serán aleatoriamente distribuidos en dos grupos; un grupo control (n = 119) el cual realiza tratamiento específico de Bobath y un grupo experimental (n = 119) el cual realiza el tratamiento específico de Bobath añadiendo el Kinesiotape en la musculatura del bíceps braquial. Esta intervención durará ocho semanas y se reevaluarán los resultados en un periodo de seis meses y a los doce meses. Para ello se utilizaran las siguientes escalas: para la espasticidad se utilizarán las escalas de Tardieu - Held y la de Aswhorth modificada. Para medir la independencia del niño se emplearán la escala Pediatric Evaluation of Disability Inventory (PEDI), para conocer el rango articular se utilizarán un goniómetro de brazos y para determinar la actividad eléctrica del tono muscular la electromiografía (EMG).</subfield>
   </datafield>
   <datafield ind1="8" ind2=" " tag="024">
      <subfield code="a">http://hdl.handle.net/10459.1/47425</subfield>
   </datafield>
   <datafield tag="653" ind2=" " ind1=" ">
      <subfield code="a">PCI</subfield>
   </datafield>
   <datafield tag="653" ind2=" " ind1=" ">
      <subfield code="a">Espasticidad</subfield>
   </datafield>
   <datafield tag="653" ind2=" " ind1=" ">
      <subfield code="a">Kinesiotape</subfield>
   </datafield>
   <datafield tag="653" ind2=" " ind1=" ">
      <subfield code="a">Espasticitat</subfield>
   </datafield>
   <datafield tag="653" ind2=" " ind1=" ">
      <subfield code="a">Embenats</subfield>
   </datafield>
   <datafield ind2="0" ind1="0" tag="245">
      <subfield code="a">Eficacia del kinesiotape como terapia complementaria en niños que presentan espasticidad.</subfield>
   </datafield>
</record></metadata></record></GetRecord></OAI-PMH>